|
|
|
|
| LEADER |
00987nam a2200325 4500 |
| 001 |
DLU090095152 |
| 005 |
##20091201 |
| 040 |
# |
# |
|a DLU
|b eng
|
| 041 |
# |
# |
|a eng
|
| 044 |
# |
# |
|a us
|
| 100 |
# |
# |
|a Alsop, Derek H.
|
| 245 |
# |
# |
|a Dietary retinoic acid induces hindlimb and eye deformities in xenopus laevis /
|c Derek H. Alsop, Scott B. Brown, Glen J. van der Kraak.
|
| 653 |
# |
# |
|a Ecotoxicology
|
| 653 |
# |
# |
|a Heavy metal
|
| 653 |
# |
# |
|a Hindlimb
|
| 653 |
# |
# |
|a Malformation
|
| 653 |
# |
# |
|a Retinoic acids
|
| 653 |
# |
# |
|a Xenopus laevis
|
| 700 |
# |
# |
|a Brown, Scott B.
|
| 700 |
# |
# |
|a Kraak, Glen J. van der.
|
| 773 |
# |
# |
|t Environmental Science & Technology
|g Vol. 38, no. 23 (December 2004), p. 6290-6299
|
| 920 |
# |
# |
|a Phòng Tạp chí -- Trung tâm Thông tin - Thư viện Trường Đại học Đà Lạt
|
| 994 |
# |
# |
|a DLU
|
| 900 |
# |
# |
|a True
|
| 911 |
# |
# |
|a Trương Bảo Trâm Anh
|
| 925 |
# |
# |
|a G
|
| 926 |
# |
# |
|a A
|
| 927 |
# |
# |
|a BB
|
| 980 |
# |
# |
|a Thư viện Trường Đại học Đà Lạt
|